Statistics for U.S. Presidential Election Losers

Click here to take the quiz!

General Stats

  • This quiz has been taken 828 times
  • The average score is 30 of 56

Answer Stats

Election YearAnswer% Correct
2016Hillary Clinton
97%
1812DeWitt Clinton
96%
1992George H. W. Bush
90%
2008John McCain
90%
2000Al Gore
89%
1980Jimmy Carter
88%
1800John Adams
88%
1828John Quincy Adams
88%
1960Richard Nixon
88%
2012Mitt Romney
87%
1976Gerald Ford
85%
2004John Kerry
80%
1912Theodore Roosevelt
79%
1796Thomas Jefferson
79%
1996Bob Dole
74%
1932Herbert Hoover
72%
1984Walter Mondale
72%
1988Michael Dukakis
68%
1824Andrew Jackson
65%
1888Grover Cleveland
65%
1968Hubert Humphrey
64%
1964Barry Goldwater
63%
1972George McGovern
62%
1948Thomas E. Dewey
62%
1944Thomas E. Dewey
62%
1952Adlai Stevenson
60%
1956Adlai Stevenson
60%
1892Benjamin Harrison
58%
1836William H. Harrison
58%
1840Martin Van Buren
53%
1928Al Smith
45%
1900William Jennings Bryan
45%
1896William Jennings Bryan
45%
1908William Jennings Bryan
45%
1860Stephen A. Douglas
43%
1936Alf Landon
40%
1940Wendell Willkie
40%
1844Henry Clay
39%
1832Henry Clay
39%
1864George B. McClellan
38%
1876Samuel J. Tilden
34%
1804Charles C. Pinckney
26%
1808Charles C. Pinckney
26%
1920James M. Cox
26%
1916Charles Evans Hughes
25%
1856John C. Fremont
25%
1924John W. Davis
25%
1872Horace Greeley
24%
1816Rufus King
22%
1852Winfield Scott
22%
1884James G. Blaine
21%
1904Alton B. Parker
19%
1848Lewis Cass
19%
1880Winfield Scott Hancock
19%
1868Horatio Seymour
17%
1820Federalist Party
4%

Score Distribution

Percentile by Number Answered

Percent of People with Each Score

Your Score History

You have not taken this quiz